| 000 | 00445 a2200145 4500 | ||
|---|---|---|---|
| 020 | _a9780153069338 (pbk) | ||
| 020 | _a 0153069333 (pbk.) | ||
| 041 | _aspa | ||
| 100 | _aRondon, Javier | ||
| 245 | _aEl sapo distraido / Javier Rondon ; diseno e ilustracion, Marcela Cabrera. | ||
| 260 | _aOrlando, Fla. : Harcourt Brace & Co., [1996] | ||
| 300 |
_a 23 pages : color illustrations ; _c20 x 24 cm |
||
| 700 | _aCabrera, Marcela | ||
| 942 | _cBK | ||
| 999 |
_c20983 _d20983 |
||